|
|
|
|
| LEADER |
00000ny a22000003n 4500 |
| 005 |
20110520135719.0 |
| 008 |
080707s2006 sp s 000 0 spa c |
| 035 |
|
|
|a 1235
|
| 040 |
|
|
|a UMA.RE
|d vLex
|
| 080 |
|
|
|a 34(076.1)(0.034)
|
| 090 |
|
|
|c 116
|d 116
|
| 245 |
0 |
0 |
|a Seleccin̤ de consultas
|h [Recurso electrn̤ico]
|
| 256 |
|
|
|a Servicio en ln̕ea
|
| 260 |
|
|
|a [Barcelona] :
|b Planificacin̤ Jurd̕ica,
|c 2006
|
| 506 |
1 |
|
|a Contenido solo disponible en los productos indicados
|d vLex Global
|d vLex Global (Academic Edition, excluding Law Schools)
|d vLex Global (U.S. Academic Edition, Law Schools)
|d vLex Global (U.S. Academic Edition, excluding Law Schools)
|d vLex Global (Academic Edition, Law Schools)
|
| 650 |
0 |
7 |
|a Laboral
|2 Tesauro vLex
|
| 650 |
0 |
7 |
|a Tributario
|2 Tesauro vLex
|
| 650 |
0 |
7 |
|a Mercantil
|2 Tesauro vLex
|
| 740 |
0 |
|
|a vLex Libros (Servicios en ln̕ea)
|
| 856 |
4 |
0 |
|u http://vlex.com/source/1235
|z Acceso restringido
|
| 942 |
|
|
|c BOOK
|
| 999 |
0 |
|
|a Law
|b Spain
|